000
00260nam a2200097Ia 4500
001
1104205
005
20250827003355.0
008
250824s9999 xx 000 0 und d
245
0
_a
BÖRÜ 2: KURT İMPARATORLUĞU
_c
ÇAĞLAYAN YILMAZ
260
_b
PANAMA YAYINLARI
999
_c
1104205
_d
1104205